Normal view
MARC view
- Women presidents
Entry Topical Term
001 - CONTROL NUMBER
- control field: 104945
003 - CONTROL NUMBER IDENTIFIER
- control field: NUST
005 - DATE AND TIME OF LATEST TRANSACTION
- control field: 20221215131554.0
008 - FIXED-LENGTH DATA ELEMENTS
- fixed length control field: 221215|| aca||aabn | a|a d
040 ## - CATALOGING SOURCE
- Original cataloging agency: NUST
- Transcribing agency: NUST
150 ## - HEADING--TOPICAL TERM
- Topical term or geographic name entry element: Women presidents
670 ## - SOURCE DATA FOUND
- Source citation: Work cat.: (NUST)184259: Liswood, Laura A., 104944, Women world leaders :, 1995.
